| 000 | 00477nam a22001817a 4500 | ||
|---|---|---|---|
| 999 |
_c528299 _d528299 |
||
| 003 | NUST | ||
| 005 | 20190905104840.0 | ||
| 008 | 190905b ||||| |||| 00| 0 eng d | ||
| 038 | _aWaseem | ||
| 082 |
_a338.5 _bVAR |
||
| 100 |
_aVarian, Hal R. _920008 |
||
| 245 |
_aIntermediate Micro Economics: A Modern Approach / _cHal R. Varian |
||
| 250 | _a7th ed. | ||
| 260 |
_aBerkeley, _bUniversity of California: |
||
| 300 | _a713p. ; | ||
| 500 | _aPaper Back | ||
| 942 |
_2ddc _cBK |
||